Ciencia, docencia y cultura

שמור ב:
מידע ביבליוגרפי
מחבר ראשי: Ringuelet, Andrés (Author)
פורמט: ספר
שפה:ספרדית
יצא לאור: Santa Fe Universidad Nacional del Litoral 1961
סדרה:Estudios y Trabajos, 1
נושאים:
תגים: הוספת תג
אין תגיות, היה/י הראשונ/ה לתייג את הרשומה!

MARC

LEADER 00000nam a2200000 a 4500
001 UCU0861
003 CL-VaPUC
008 960329e19610000AG |||||||||||||||||spa|d
082 0 4 |a 378.007  |b RIN  |2 21 
100 0 |a Ringuelet, Andrés  |e author  |9 356312 
245 1 0 |a Ciencia, docencia y cultura 
300 |a 19 p 
942 |c BK 
945 |d 19960329 00:00:00  |a cmena 
260 |a Santa Fe  |b Universidad Nacional del Litoral  |c 1961 
650 0 |a Universidades  |9 256317 
650 0 |a Educación superior   |9 223851 
650 0 |a Ciencia  |9 255691 
650 0 |a Cultura  |9 269059 
650 0 |a Investigación científica  |9 259857 
650 7 |a DOCENCIA  |2 CL-VaPUC  |9 356313 
583 |a last modification  |c 19960329 00:00:00  |k Rodrigo Vera 
490 0 |a Estudios y Trabajos, 1 
999 |c 245644  |d 245642 
952 |0 0  |1 0  |4 0  |6 378_007000000000000_RIN_1961  |7 0  |8 P  |9 260220  |a BIBEDU  |b BIBEDU  |c BIBEDU_PB  |d 2019-11-19  |i 1635883  |o 378.007 RIN 1961  |p 1635883  |r 2024-01-25  |w 2019-11-19  |y BK  |k EDU